Historia general del socialismo / (Record no. 57487)

MARC details
000 -LEADER
campo de control de longitud fija 00955nam a2200253 i 4500
001 - NÚMERO DE CONTROL
campo de control 57487
003 - IDENTIFICADOR DE NÚMERO DE CONTROL
campo de control ES-MaACL
005 - FECHA Y HORA DE LA ÚLTIMA TRANSACCIÓN
campo de control 20250415213634.0
007 - CAMPO FIJO DE DESCRIPCIÓN FÍSICA--INFORMACIÓN GENERAL
campo de control de longitud fija t|
008 - DATOS DE LONGITUD FIJA--INFORMACIÓN GENERAL
campo de control de longitud fija 031016m19761982sp ||||1| spa d
100 1# - ENTRADA PRINCIPAL--NOMBRE DE PERSONA
Nombre de persona Droz, Jacques (
Fechas asociadas al nombre 1909-1998)
9 (RLIN) 45673
245 10 - MENCIÓN DEL TÍTULO
Título Historia general del socialismo /
Mención de responsabilidad, etc. publicada bajo la dirección de Jacques Droz... ; [traducción del francés de Elvira Méndez y Pablo Rodriguez ; revisión y adaptación de Manuel Sacristán, Ramón Sol].
250 ## - MENCION DE EDICION
Mención de edición [1ª ed.].
260 ## - PUBLICACIÓN, DISTRIBUCIÓN, ETC.
Lugar de publicación, distribución, etc. Barcelona :
Nombre del editor, distribuidor, etc. Destino,
Fecha de publicación, distribución, etc. [1976-82]
300 ## - DESCRIPCIÓN FÍSICA
Extensión 2 v. ;
Dimensiones 23 cm.
505 8# - NOTA DE CONTENIDO CON FORMATO
Nota de contenido con formato Contiene: V. I: De los orígenes a 1875. -- V. III: De 1918 a 1945
650 #4 - PUNTO DE ACCESO ADICIONAL DE MATERIA--TÉRMINO DE MATERIA
Término de materia o nombre geográfico como elemento de entrada Socialismo-
Subdivisión general Historia.
9 (RLIN) 135485
700 1# - ENTRADA AGREGADA--NOMBRE PERSONAL
Nombre de persona Méndez, Elvira.
9 (RLIN) 80116
700 1# - ENTRADA AGREGADA--NOMBRE PERSONAL
Nombre de persona Sacristán, Manuel,
Fechas asociadas al nombre 1925-1985
9 (RLIN) 101268
700 0# - ENTRADA AGREGADA--NOMBRE PERSONAL
Nombre de persona Rodríguez, Pablo.
9 (RLIN) 98289
700 0# - ENTRADA AGREGADA--NOMBRE PERSONAL
Nombre de persona Sol, Ramón.
9 (RLIN) 107037
852 ## - LOCALIZACIÓN
Ubicación ES-MaACL
Número de control de estantería P-417
Sublocalización o colección R.95763
Holdings
Estatus retirado Estado de pérdida Estado de daño No para préstamo Biblioteca de origen Biblioteca actual Ubicación en estantería Fecha de adquisición Fuente de adquisición Total de préstamos Signatura topográfica completa Código de barras Visto por última vez Precio de reemplazo Tipo de ítem Koha
        Biblioteca del Ateneo de Madrid Biblioteca del Ateneo de Madrid Depósito 2 17/01/2008     P-417 1060350 23/02/2023 23/02/2023 Libro impreso